ბათუმის შოთა რუსთაველის სახელმწიფო უნივერსიტეტის ბიბლიოთეკა

Аналитическая геометрия и линейная алгебра (ბიბ.ჩანაწერი № 47961)

000 -LEADER
fixed length control field 00575nam a2200193Ia 4500
001 - CONTROL NUMBER
control field 14838
003 - CONTROL NUMBER IDENTIFIER
control field GE_BSU
008 - FIXED-LENGTH DATA ELEMENTS--GENERAL INFORMATION
fixed length control field 181216s||||||||xx |||||||||||||| ||und||
040 ## - CATALOGING SOURCE
Transcribing agency GE_BSU
080 ## - UNIVERSAL DECIMAL CLASSIFICATION NUMBER
Universal Decimal Classification number 514.12(075.8)
100 ## - MAIN ENTRY--PERSONAL NAME
Personal name Бакельман,И.Я
245 ## - TITLE STATEMENT
Title Аналитическая геометрия и линейная алгебра
260 ## - PUBLICATION, DISTRIBUTION, ETC.
Place of publication, distribution, etc. Москва
260 ## - PUBLICATION, DISTRIBUTION, ETC.
Name of publisher, distributor, etc. Просвещение
260 ## - PUBLICATION, DISTRIBUTION, ETC.
Date of publication, distribution, etc. 1976
300 ## - PHYSICAL DESCRIPTION
Extent 287стр.22см.
653 ## - INDEX TERM--UNCONTROLLED
Uncontrolled term Аналитическая геометрия и линейная алгебра
942 ## - ADDED ENTRY ELEMENTS (KOHA)
Koha item type წიგნი
ეგზემპლარები
Withdrawn status Lost status Damaged status Not for loan Date acquired Barcode Date last seen Price effective from Koha item type
        2018-12-17 15571 2018-12-17 2018-12-17 წიგნი
        2018-12-17 17752 2018-12-17 2018-12-17 წიგნი
        2018-12-17 17753 2018-12-17 2018-12-17 წიგნი
        2018-12-17 17754 2018-12-17 2018-12-17 წიგნი